Vainqueur de la StarLigue - Statistiques

Statistiques générales
  • Ce quiz a été pris 15 fois
    3 depuis la dernière actualisation
  • Le résultat moyen est 57 sur 73
Statistiques - réponses
Année Réponse % Correct
1957 ASPOM Bordeaux
100%
1958 ASPOM Bordeaux
100%
1954 ASP Police Paris
100%
1955 ASP Police Paris
100%
1995 Montpellier Handball
100%
1998 Montpellier Handball
100%
1999 Montpellier Handball
100%
2000 Montpellier Handball
100%
2002 Montpellier Handball
100%
2003 Montpellier Handball
100%
2004 Montpellier Handball
100%
2005 Montpellier Handball
100%
2006 Montpellier Handball
100%
2008 Montpellier Handball
100%
2009 Montpellier Handball
100%
2010 Montpellier Handball
100%
2011 Montpellier Handball
100%
2012 Montpellier Handball
100%
1994 OM Vitrolles
100%
1996 OM Vitrolles
100%
1956 Paris UC
100%
1959 Paris UC
100%
1962 Paris UC
100%
1974 Paris UC
100%
2013 PSG Handball
100%
2015 PSG Handball
100%
2016 PSG Handball
100%
2017 PSG Handball
100%
2018 PSG Handball
100%
2019 PSG Handball
100%
2020 PSG Handball
100%
2021 PSG Handball
100%
2022 PSG Handball
100%
2023 PSG Handball
100%
2024 PSG Handball
100%
2025 PSG Handball
100%
1977 RP Strasbourg-Meinau
100%
1965 Stade marseillais
100%
1967 Stade marseillais
100%
1969 Stade marseillais
100%
1975 Stade marseillais
100%
1984 Stade marseillais
100%
1960 AS Mulhouse
50%
1973 Dijon MH
50%
2014 Dunkerque HGL
50%
1992 HB Vénissieux
50%
2001 SO Chambéry
50%
1968 Stella Sports Saint-Maur
50%
1972 Stella Sports Saint-Maur
50%
1976 Stella Sports Saint-Maur
50%
1978 Stella Sports Saint-Maur
50%
1979 Stella Sports Saint-Maur
50%
1980 Stella Sports Saint-Maur
50%
1988 USAM Nîmes
50%
1990 USAM Nîmes
50%
1991 USAM Nîmes
50%
1993 USAM Nîmes
50%
1989 US Créteil
50%
1963 US Ivry
50%
1964 US Ivry
50%
1966 US Ivry
50%
1970 US Ivry
50%
1971 US Ivry
50%
1983 US Ivry
50%
1997 US Ivry
50%
2007 US Ivry
50%
1981 USM Gagny
50%
1982 USM Gagny
50%
1985 USM Gagny
50%
1986 USM Gagny
50%
1987 USM Gagny
50%
1961 Bataillon de Joinville
0%
1953 Villemomble-Sports
0%
Aucun quiz correspondant
Distribution des résultats
% des personnes avec chaque résultat
Percentile par nombre de réponses
Votre historique - résultats
Vous n’avez pas pris ce quiz depuis la dernière actualisation